000 00639 a2200181 4500
003 Nust
005 20170207153154.0
040 _cNust
082 _a005.8
100 _aKhan, Uzma Aslam (MSIS-4)
245 _aAnalysis of skype security features to facilitate its detection, classification and blocking
_cUzma Aslam Khan
260 _bMCS (NUST)
_c2008
_aRawalpindi
300 _axi, 83 p.
505 _aIntroduction (page-1) Literature review (page-6) Methodology (page-20) Skype traffic analysis (page-24) Blocking skype (page-56) Conclusion (page-71)
538 _aAlmirah No 70 Shelf No 4
650 _aPG Thesis
651 _aMSIS-4
942 _cTHS
999 _c180689
_d180689